WWE SUPERSTARS FINISHERS - Statistics

General Stats
  • This quiz has been taken 439 times
  • The average score is 12 of 15
Answer Stats
Hint Answer % Correct
RKO Randy Orton
99%
Superman Punch/Spear Roman Reigns
98%
Attitude Adjustment John Cena
94%
F-5 Brock Lesnar
92%
Cross Rhode's Cody Rhodes
90%
Pedigree Triple H
88%
Brogue Kick Sheamus
82%
Dirty Deeds Dean Ambrose
81%
Pop-up Powerbomb Kevin Owens
81%
Sister Abigail Bray Wyatt
80%
Tombstone The Undertaker
78%
ShellShock Ryback
62%
Accolade Rusev
55%
Discus Clothesline Luke Harper
48%
Queen's Crossbow Stardust
32%
No matching quizzes found
Score Distribution
Percent of People with Each Score
Percentile by Number Answered
Your Score History
You have not taken this quiz